| 000 | 00361nam a2200145Ia 4500 | ||
|---|---|---|---|
| 008 | 230312s9999||||xx |||||||||||||| ||und|| | ||
| 020 | _a9780814410721 | ||
| 082 |
_a658.872 _bHAR-D |
||
| 100 | _aCarucci,John | ||
| 245 | 0 | _aGoPro® cameras for dummies® | |
| 260 |
_bAmacom _aUSA _c2009 |
||
| 300 | _a244 | ||
| 650 |
_aEconomics _vElectronic books |
||
| 942 | _cBK | ||
| 999 |
_c18096 _d18096 |
||